000 01218nam a2200277 a 4500
005 20240305165341.0
007 cr |||||||||||
008 101220s---- sp |||||s|||||0|| ||spa|c
020 _a9788480048620
035 _a5238
040 _aCCUC
_dvLex
090 _c2072
_d2072
100 1 _aCubillo Rodríguez, Carlos
245 1 0 _aTratamiento jurídico del mobbing
_h[Recurso electrónico]
_cCarlos Cubillo Rodríguez
256 _aServicio en línea
260 _a[Madrid] :
_bEditorial Universitaria Ramón Areces,
_c2008
300 _a1 recurso electrónico (127 p.)
500 _aDescripción del recurso: el 27 de abril de 2011
506 1 _aContenido solo disponible en los productos indicados
_dvLex Global
_dvLex Global (Academic Edition, excluding Law Schools)
_dvLex Global (U.S. Academic Edition, Law Schools)
_dvLex Global (U.S. Academic Edition, excluding Law Schools)
_dvLex Global (Academic Edition, Law Schools)
650 4 _aMobbing
_2Tesauro vLex
650 4 _aRelaciones laborales
_2Tesauro vLex
710 2 _aCentro de Estudios Ramón Areces
740 0 _avLex Libros (Servicios en línea)
856 _uhttps://app.vlex.com/#/sources/tratamiento-juridico-mobbing-5238
942 _cRAA
999 _c160507
_d160507